Statistiques concernant Villes d'Alsace

Cliquez ici pour prendre le quiz!

Statistiques générales

  • Ce quiz a été pris 1 531 fois
  • Le résultat moyen est 8 sur 20

Statistiques - réponses

PopulationVille% Correct
263 941 htsStrasbourg
100%
65 118 htsColmar
96%
110 141 htsMulhouse
95%
35 206 htsHaguenau
68%
17 172 htsSélestat
67%
23 814 htsIllkirch-Graffenstaden
49%
30 824 htsSchiltigheim
46%
11 197 htsSaverne
45%
19 973 htsSaint-Louis
44%
11 527 htsGuebwiller
26%
16 873 htsLingolsheim
22%
15 022 htsWittenheim
18%
10 749 htsHoenheim
15%
14 938 htsIllzach
15%
11 957 htsKingersheim
14%
12 596 htsRixheim
14%
16 750 htsBischheim
13%
11 696 htsBischwiller
13%
10 762 htsOstwald
10%
12 101 htsRiedisheim
10%

Distribution des résultats

Percentile par nombre de réponses

% des personnes avec chaque résultat

Votre développement - résultats

Vous n’avez pas pris ce quiz